LEADER 01046nam a2200241 u 4500 001 000000080926 003 CaOOAMICUS 005 20070226123712.0 008 050308s fr u000 u fre u 035 $a11032692 040 $aPUL(R)$bita 100 1 $aZahm, John Augustine,$d1851-1921.$0(OLS)http://pul/name/45041 245 12$aL'évolution et le dogme /$cR. P. Zahm ; traduit de l'anglais par J. Fageolet. 260 $aParis :$bP. Lethielleux,$c[s.d.] 300 $a2 v. ;$c19 cm 504 $aInclude riferimenti bibliografici. 505 1 $av. 1.1: L'évolution, le passé, le prèsent. -- v. 2.10: L'évolution et le dogme. 850 $aPUL 852 $aPUL$W1$xDP1 Fondo Cecchetti$y53$m260 F 11$j193861$nBK-PRI$bv. 1$qFondi$B103308$CPULBib$Z2$F103308 $81 852 $aPUL$W1$xDP1 Fondo Cecchetti$y53$m260 F 12$j193862$bv. 2$qFondi$B199242$CPULBib$Z2$F199242 $81 941 1 $a1 996 $6245$aL'évolution et le dogme$9(OLS)http://pul/title/105930 996 $6260$aParis :$bP. Lethielleux$9(OLS)http://pul/publisher/48225 LEADER 01095nam a2200277 a 4500 001 000000148949 003 CaOOAMICUS 005 20160129112716.0 008 160129s1970 it u000 u ita r 032 $aLibriCat 040 $aPUL$bita 100 1 $aSchoonenberg, Piet,$cS.I.,$d1911-1999.$0(OLS)http://pul/name/11860 245 10$aDal peccato alla redenzione /$cPiet Schoonenberg. 260 $aRoma :$bHerder-Morcelliana,$c©1970. 300 $a198 p. ;$c22 cm. 490 1 $aNuovi orizzonti 504 $aBibliografia in nota. 650 4$aRiconciliazione (sacramento)$xPeccato.$0(OLS)http://pul/subject/34324 650 4$aPeccato.$0(OLS)http://pul/subject/5639 830 0$aNuovi orizzonti.$0(OLS)http://pul/title/41135 850 $aPUL 852 $aPUL$W1$xDP1 Fondo Bordoni$y120$m3 F 67$j166652$qFondi$B173164$CPULBib$Z2$F173164 $HBor655 $81 941 1 $a1 996 $6245$aDal peccato alla redenzione$9(OLS)http://pul/title/187820 996 $6260$aRoma :$bHerder-Morcelliana$9(OLS)http://pul/publisher/66619